Global Risk/Global Opportunity : Ten Essential Tools For Tracking Minds, Markets & Money (Record no. 61001)

MARC details
000 -LEADER
fixed length control field 00402nam a2200133Ia 4500
008 - FIXED-LENGTH DATA ELEMENTS--GENERAL INFORMATION
fixed length control field 221007s9999 xx 000 0 und d
020 ## - INTERNATIONAL STANDARD BOOK NUMBER
International Standard Book Number 8717
041 ## - LANGUAGE CODE
Language code of text/sound track or separate title eng
082 ## - DEWEY DECIMAL CLASSIFICATION NUMBER
Classification number 658.155
Item number MIT/SES
100 ## - MAIN ENTRY--PERSONAL NAME
Personal name Maital S & Seshadri D V R
9 (RLIN) 96589
245 ## - TITLE STATEMENT
Title Global Risk/Global Opportunity : Ten Essential Tools For Tracking Minds, Markets & Money
260 ## - PUBLICATION, DISTRIBUTION, ETC. (IMPRINT)
Name of publisher, distributor, etc. Response Books
Place of publication, distribution, etc. New Delhi
906 ## - LOCAL DATA ELEMENT F, LDF (RLIN)
b General
Holdings
Withdrawn status Lost status Damaged status Not for loan Home library Current library Date acquired Vendor Total Checkouts Full call number Barcode Date last seen Bill Date Koha item type Original Barcode
        Smt. Hiraben Nanavati Institute of Management & Research for Women Smt. Hiraben Nanavati Institute of Management & Research for Women 18/09/2010 Satya Gilani   658.155 MIT/SES HIMR-AV-1228 07/10/2022 07/10/2022 Video Casset AV1228